000 00332 a2200121 4500
001 146795
040 _cEscola São Tomás de Aquino
100 _aZATZ, Lia
240 1 0 _aAventura da escrita
_lpor
245 1 0 _aAventura da escrita
697 _aSistemas de escrita (alfabeto, Braille, abreviaturas, pontuação, etc.)
942 _cBK
999 _c146795
_d146795